Archeológmi sme aj sami v sebe Nad čím pracujú východoslovenskí umelci

Bibliographic Details
Main Authors: Csáko, Karol (Author), Hybáčková, Beáta (Author)
Format: Article
Language:Slovak
PhysicalDescription:Obr. 1.
Subjects:

MARC

LEADER 00000nab a2200000 a 4500
001 vtls000423004
003 SK-MaSNL
005 20260304214733.0
008 160215c1991 xo 0 slo
015 |a SNBRB19rr/mm-uuuuu 
035 |a CL0423132 
040 |a SNKBUCL  |b slo  |c SNKBUCL  |e AACR2 
041 0 |a slo 
044 |a xo  |c SK 
080 |a 75.071.1  |2 1981 
080 |a 76.071.1  |2 1981 
080 |a 929 Csáko Karol  |2 1981 
100 1 |a Csáko, Karol  |4 aut  |9 1548758 
245 1 0 |a Archeológmi sme aj sami v sebe  |b Nad čím pracujú východoslovenskí umelci  |c Karol Csáko, Beáta Hybáčková 
300 |b Obr. 1. 
600 1 7 |a Csakó, Karol,  |d 1942-  |2 snkbucl  |9 38680 
655 7 |a články z novín a časopisov  |2 snkbucl  |9 267496 
700 1 |a Hybáčková, Beáta  |4 aut  |9 422286 
773 0 |t Slovenský východ  |g Roč. 1/20, č. 156 (6. 7. 1991), s. 4 
850 |a Slovenská národná knižnica v Martine  |a MTA001 
852 |a SNK  |b KIS3GCP 
958 |a BX 
958 |a RK 
992 |a RBX 
999 |c 3142970  |d 3144900